The open sea : Its natural history
The second part two of The open sea treats of the fish and all the other animals of the sea which depend directly or indirectly upon the plankton for their support.
Na minha lista:
| Autor principal: | |
|---|---|
| Formato: | Livro |
| Idioma: | Undetermined |
| Publicado em: |
London
Collins
1959
|
| Assuntos: | |
| Tags: |
Adicionar Tag
Sem tags, seja o primeiro a adicionar uma tag!
|
| Thư viện lưu trữ: | Trung tâm Học liệu Trường Đại học Cần Thơ |
|---|
| LEADER | 00711nam a2200205Ia 4500 | ||
|---|---|---|---|
| 001 | CTU_219258 | ||
| 008 | 210402s9999 xx 000 0 und d | ||
| 082 | |a 578.77 | ||
| 082 | |b H268/P.2 | ||
| 100 | |a Hardy, Alister | ||
| 245 | 4 | |a The open sea : | |
| 245 | 0 | |b Its natural history | |
| 245 | 0 | |c Alister Hardy | |
| 260 | |a London | ||
| 260 | |b Collins | ||
| 260 | |c 1959 | ||
| 520 | |a The second part two of The open sea treats of the fish and all the other animals of the sea which depend directly or indirectly upon the plankton for their support. | ||
| 650 | |a Động vật biển,Fishes,Marine animals,Thủy sản | ||
| 904 | |i Trúc | ||
| 980 | |a Trung tâm Học liệu Trường Đại học Cần Thơ | ||